Hechos y razonamiento probatorio /
Guardado en:
| Autor Principal: | |
|---|---|
| Formato: | Libro |
| Idioma: | Undetermined |
| Publicado: |
Buenos Aires :
Editores del Sur,
2018.
|
| Edición: | 1a. ed. |
| Materias: | |
| Etiquetas: |
Agregar Etiqueta
Sin Etiquetas, Sea el primero en etiquetar este registro!
|
| LEADER | 00604nam a22002055a 4500 | ||
|---|---|---|---|
| 001 | DER.der014808 | ||
| 008 | 230508s2018####ag############000#0#und#d | ||
| 005 | 20230919174551.0 | ||
| 245 | 1 | 0 | |a Hechos y razonamiento probatorio / |c Carmen Vázquez. |
| 250 | |a 1a. ed. | ||
| 260 | |a Buenos Aires : |b Editores del Sur, |c 2018. | ||
| 300 | |a 395 p. | ||
| 020 | |a 9789874687289 | ||
| 100 | 1 | |a Vázquez, Carmen, |e coord. | |
| 650 | 7 | |a DERECHO PROCESAL PENAL | |
| 650 | 7 | |a SISTEMA PROBATORIO | |
| 650 | 7 | |a PENA | |
| 650 | 7 | |a PRISION PREVENTIVA | |
| 650 | 7 | |a GARANTISMO PROCESAL | |
| 859 | |a DERECHO |b BIB. DERECHO |h 347.05 |i VAZ |p 007240 | ||
